Normal view
MARC view
Entry Personal Name
001 - CONTROL NUMBER
- control field: 9321
003 - CONTROL NUMBER IDENTIFIER
- control field: OSt
005 - DATE AND TIME OF LATEST TRANSACTION
- control field: 20160610135731.0
008 - FIXED-LENGTH DATA ELEMENTS
- fixed length control field: 160610|| aca||aabn | a|a d
040 ## - CATALOGING SOURCE
- Original cataloging agency: OSt
- Transcribing agency: OSt
100 ## - HEADING--PERSONAL NAME
- Personal name: Kayne,B.Steven;
670 ## - SOURCE DATA FOUND
- Source citation: Work cat.: (OSt): Kayne,B.Steven;, Homeopathic Pharmacy., 2006.
